000 00981cad a22002175a 4500
001 L153229
008 110627s2011 xxk f 000 0 eng d
035 _a(Sirsi) u153229
041 0 _aeng
110 2 _aUnited Kingdom
_bDepartment for Business, Innovation and Skills
_95760
245 0 0 _aBIM
_bA report for the Government Construction Client Group Building Information Modelling (BIM) Working Party Strategy Paper
_h[electronic resource]
260 _a[S.l.]
_bBIS
_c2011
520 _aExamines the construction and post-occupancy benefits of BIM (Building (Asset) Information Modelling and Management) for use in the UK building and infrastructure markets.
590 _aKA NTK
650 2 4 _aBUILDING INFORMATION MODELLING
650 2 4 _aBIM
_96219
651 4 _aUnited Kingdom
_y
690 _aBIM
_96219
856 4 0 _uhttps://www.bimtaskgroup.org/wp-content/uploads/2012/03/BIS-BIM-strategy-Report.pdf
_zView the item free of charge at www.bimtaskgroup.org
942 _n0
999 _c112426
_d112426